Растительный и животный мир Быстринского природного парка (Центральная Камчатка) (Запись № 11770361)

Подробности
000 -МАРКЕР
контрольное поле 02577nam0a2200385 i 4500
001 - ИДЕНТИФИКАТОР ЗАПИСИ
контрольное поле RU\NLR\BIBL_A\011172021
005 - ИДЕНТИФИКАТОР ВЕРСИИ
контрольное поле 20260408043713.0
010 ## - МЕЖДУНАРОДНЫЙ СТАНДАРТНЫЙ НОМЕР КНИГИ (ISBN)
Номер (ISBN) 9785796806050
Тираж 500
021 ## - НОМЕР ГОСУДАРСТВЕННОЙ РЕГИСТРАЦИИ
Код страны Российская Федерация
Номер 2016-49582
Номер Листа государственной регистраци 3182
035 ## - ДРУГИЕ СИСТЕМНЫЕ НОМЕРА
Идентификатор записи (NILC)RuMoRGB-008525209
035 ## - ДРУГИЕ СИСТЕМНЫЕ НОМЕРА
Идентификатор записи (NLR Aleph) 011172021
100 ## - ДАННЫЕ ОБЩЕЙ ОБРАБОТКИ
Данные общей обработки 20160705d2015 km y0rusy50 ca
101 0# - ЯЗЫК РЕСУРСА
Язык текста, звукозаписи и т.д. русский
Язык резюме английский
102 ## - СТРАНА ПУБЛИКАЦИИ ИЛИ ПРОИЗВОДСТВА
Страна публикации Российская Федерация
105 ## - ПОЛЕ КОДИРОВАННЫХ ДАННЫХ: ТЕКСТОВЫЕ МАТЕРИАЛЫ, МОНОГРАФИЧЕСКИЕ
Кодированные данные о монографическом текстовом документе ab||z|||000yy
200 1# - ЗАГЛАВИЕ И СВЕДЕНИЯ ОБ ОТВЕТСТВЕННОСТИ
Основное заглавие Растительный и животный мир Быстринского природного парка (Центральная Камчатка)
Первые сведения об ответственности [Владимир Васильевич Бурый, Юрий Анатольевич Василевский, Юрий Николаевич Герасимов, к.б.н. и др.
Последующие сведения об ответственности отв. ред. О. А. Чернягина]
-- М-во образования и науки Российской Федерации, Камчатский фил. ФГБУН, Тихоокеанский ин-т географии Дальневосточного отд-ния Российской акад. наук, Гос. образовательное учреждение высш. проф. образования Камчатский гос. ун-т им. Витуса Беринга
210 ## - ПУБЛИКАЦИЯ, РАСПРОСТРАНЕНИЕ И ДР.
Место издания, распространения и т.д. Петропавловск-Камчатский
Имя издателя, распространителя и т. д. Изд-во Камчатского государственного университета
Дата издания, распространения и т.д. 2015
215 ## - ФИЗИЧЕСКАЯ ХАРАКТЕРИСТИКА
Специфическое обозначение материала и объем 241 с.
Другие сведения о физической характеристике ил., цв. ил., карт.
Размеры 29
300 ## - ОБЩИЕ ПРИМЕЧАНИЯ
Текст примечания Авт. указаны на 240-й с. текста
320 ## - ПРИМЕЧАНИЯ О НАЛИЧИИ В ДОКУМЕНТЕ БИБЛИОГРАФИИ / УКАЗАТЕЛЯ
Текст примечания Библиогр.: с. 233-239 (137 назв.)
601 02 - НАИМЕНОВАНИЕ ОРГАНИЗАЦИИ КАК ПРЕДМЕТ
Начальный элемент ввода "Быстринский", природный парк
Идентифицирующий признак село Эссо, Камчатский край
Системный номер авторитетной/нормативной записи 2623144
Идентификатор авторитетной/нормативной записи RU\NLR\AUTH\661559704
675 ## - УНИВЕРСАЛЬНАЯ ДЕСЯТИЧНАЯ КЛАССИФИКАЦИЯ (UDC/УДК)
Индекс 57
686 1# - ИНДЕКСЫ ДРУГИХ КЛАССИФИКАЦИЙ
Индекс Б12(2)Быстринский
701 #1 - ИМЯ ЛИЦА - АЛЬТЕРНАТИВНАЯ ОТВЕТСТВЕННОСТЬ
Начальный элемент ввода Бурый
Часть имени, кроме начального элемента ввода В. В.
Расширение инициалов личного имени Владимир Васильевич
701 #1 - ИМЯ ЛИЦА - АЛЬТЕРНАТИВНАЯ ОТВЕТСТВЕННОСТЬ
Начальный элемент ввода Василевский
Часть имени, кроме начального элемента ввода Ю. А.
Расширение инициалов личного имени Юрий Анатольевич
701 #1 - ИМЯ ЛИЦА - АЛЬТЕРНАТИВНАЯ ОТВЕТСТВЕННОСТЬ
Графика поля Кириллица
Материалы, к которым относится поле rus
Начальный элемент ввода Герасимов
Часть имени, кроме начального элемента ввода Ю. Н.
Дополнения к именам, кроме дат канд. биол. наук
Даты 1962-
Расширение инициалов личного имени Юрий Николаевич
Системный номер авторитетной/нормативной записи 151529
Идентификатор авторитетной/нормативной записи RU\NLR\AUTH\770151567
702 #1 - ИМЯ ЛИЦА - ВТОРИЧНАЯ ОТВЕТСТВЕННОСТЬ
Начальный элемент ввода Чернягина
Часть имени, кроме начального элемента ввода О. А.
Расширение инициалов личного имени Ольга Андреевна
Код отношения Редактор
711 02 - НАИМЕНОВАНИЕ ОРГАНИЗАЦИИ - АЛЬТЕРНАТИВНАЯ ОТВЕТСТВЕННОСТЬ
Начальный элемент ввода "Быстринский", природный парк
Идентифицирующий признак с. Эссо, Камчатский край
Идентификатор авторитетной/нормативной записи RU\NLR\AUTH\8810191821
Системный номер авторитетной/нормативной записи 274011
801 #0 - ИСТОЧНИК ЗАПИСИ
Страна Российская Федерация
Организация РГБ
Дата составления 20160622
Правила каталогизации RCR
801 #1 - ИСТОЧНИК ЗАПИСИ
Страна Российская Федерация
Организация РГБ
Дата составления 20160622
Источник данных rusmarc
942 ## - ДОПОЛНИТЕЛЬНЫЕ ЭЛЕМЕНТЫ ЗАПИСИ (АБИС)
Тип экземпляра АБИС Книга
980 ## - КОЛЛЕКЦИЯ
Название коллекции НБР

Нет доступных экземпляров.